000 00822cam a2200277 i 4500
999 _c8976
_d8976
001 8976
003 BD-JhCC
005 20180723193229.0
008 180314s1963 enka b 001 0 eng
020 _z9781409474456 (epub)
035 _a(BD-JhCC)8976
040 _aBD-JhCC
_dBD-JhCC
041 1 _aeng
_hlat
050 0 0 _aBR275.J7
_bP74 2015
082 0 0 _a398.22
_223
_bBUC 1963
100 _aBuchan, John
245 0 0 _aPrester John /
_cJohn Buchan,
260 _aLondon :
_bLongmans,
_c1963
300 _a150 pages :
_billustrations ;
_c18 cm.
490 0 _aCrusade texts in translation
504 _aIncludes bibliographical references (pages 327-333) and index.
600 0 0 _aPrester John
_c(Legendary character)
650 0 _aLiterature, Medieval
_xHistory and criticism.
942 _2ddc
_cBK